Qui a dit cette réplique Marvel #5 - Statistiques

Statistiques générales
  • Ce quiz a été pris 1 006 fois
    372 depuis la dernière actualisation
  • Le résultat moyen est 8 sur 17
Statistiques - réponses
Hint Réplique Réponse % Correct
4 Ok ok je crois que j'ai un plan. Vous avez vu Alien 3 ? Spider man (Peter Parker)
92%
15 À quoi ça sert d'être en vie si on a pas de raison de l'être. Iron Man (Tony Stark)
82%
9 Quelqu'un c'est déjà amusé à jouer avec ton cerveau ? A te sortir de toi ? Hawkeye (Clint Barton)
64%
12 Et bah c'est une méga défaite. Black Widow (Natasha Romanoff)
58%
6 Dis moi une chose dans le futur que devenons nous toi et moi ? Gamora
58%
3 Comme toi, on m'a formé à tuer. Sauf que moi je ne fais pas la couverture des magazines. Yelena Belova
54%
1 Vous mentez et tuez au service de menteurs et de tueurs. Loki
50%
10 Pourquoi tu tiens tant à te battre ? Y a pleins de boulots indispensables. Bucky
49%
11 T'es pas Iron man tu ne seras jamais Iron man. Personne ne pourrait être à la hauteur de Tony même pas Tony. Happy Hogan
48%
16 Je suis toujours moi, mais il y a une différence entre ce que je suis et ce que perçoivent les gens. La sorcière rouge (Wanda Maximoff)
45%
5 Il pouvait prétendre qu'il était ton père mais un papa on n'en a qu'un. Yondu Udonta
43%
14 Je sais que tu as quitté ta chambre d'hotel a Washington et que tu sors en cachette de la maison tous les soirs. May parker
39%
17 Ah il va falloir contacter le service après vente. Ant man (Scott Lang)
37%
2 Ce qui demeurera ma plus belle création c'est toi. Howard Stark
23%
7 Cet algorithme évalue méthodiquement le passé des gens pour prédire leur avenir. Jasper Sitwell
6%
8 Ça fait des années qu'on ne c'est pas tous retrouvés pour fêter noël. Lila Barton
3%
13 Seules les personnes les plus brisées peuvent êtres de grands leaders. Namor
3%
Aucun quiz correspondant
Distribution des résultats
% des personnes avec chaque résultat
Percentile par nombre de réponses
Votre historique - résultats
Vous n’avez pas pris ce quiz depuis la dernière actualisation